A Cargill Magyarország Zrt. komplex elemzése négy év beszámolója alapján

Bibliográfiai részletek
Szerző: Denk Flóra
További közreműködők: Simon Dr. Szilvia
Dokumentumtípus: Diplomadolgozat
Kulcsszavak:komplex elemzés
likviditási mutatók
vagyon fedezettsége
Online Access:http://dolgozattar.uni-bge.hu/14440

MARC

LEADER 00000nta a2200000 i 4500
001 dolg14440
005 20171216115225.0
008 171216suuuu hu om 000 hun d
040 |a BGE Dolgozattár Repozitórium  |b hun 
041 |a hu 
100 1 |a Denk Flóra 
245 1 2 |a A Cargill Magyarország Zrt. komplex elemzése négy év beszámolója alapján  |c Denk Flóra  |h [elektronikus dokumentum] 
695 |a komplex elemzés 
695 |a likviditási mutatók 
695 |a vagyon fedezettsége 
700 1 |a Simon Dr. Szilvia  |e ths 
856 4 0 |u http://dolgozattar.uni-bge.hu/14440/1/A%20Cargill%20Magyarorsz%C3%A1g%20Zrt.%20komplex%20elemz%C3%A9se%20n%C3%A9gy%20%C3%A9v%20besz%C3%A1mol%C3%B3ja%20alapj%C3%A1n.pdf  |z Dokumentum-elérés 
856 4 0 |u http://dolgozattar.uni-bge.hu/14440/2/Titkos%C3%ADt%C3%A1si%20k%C3%A9relem.pdf  |z Dokumentum-elérés